01221nam a2200325Ia 4500001001200000003000800012006001900020007001500039008004100054010001700095020002800112020001800140040002100158035002100179050002500200082001400225100002300239245008400262260007400346300002300420504005100443533015200494650002000646650001200666655002900678700002800707710001700735856012600752999001700878ebr10331356CaPaEBRm u cr cn|||||||||930316s1993 maua sb 001 0 eng d z 93017063  z0674790103 (alk. paper) z9780674790100 aCaPaEBRcCaPaEBR a(OCoLC)45640804814aHT1521b.S542 1993eb04a305.82201 aSniderman, Paul M.14aThe scar of raceh[electronic resource] /cPaul M. Sniderman and Thomas Piazza. aCambridge, Mass. :bBelknap Press of Harvard University Press,c1993. axi, 212 p. :bill. aIncludes bibliographical references and index. aElectronic reproduction.bPalo Alto, Calif. :cebrary,d2009.nAvailable via World Wide Web.nAccess may be limited to ebrary affiliated libraries. 0aRace relations. 0aRacism. 7aElectronic books.2local1 aPiazza, Thomas Leonard.2 aebrary, Inc.40uhttp://site.ebrary.com/lib/rucke/Doc?id=10331356zAn electronic book accessible through the World Wide Web; click to view c51307d51307